Strategic management:competitiveness and globalisation / (Record no. 3758)

000 -LEADER
fixed length control field 00916cam a2200313 a 4500
001 - CONTROL NUMBER
control field 445513
003 - CONTROL NUMBER IDENTIFIER
control field OSt
005 - DATE AND TIME OF LATEST TRANSACTION
control field 20161208092614.0
008 - FIXED-LENGTH DATA ELEMENTS--GENERAL INFORMATION
fixed length control field 830425s1983 ilua b 001 0 eng
010 ## - LIBRARY OF CONGRESS CONTROL NUMBER
LC control number 82072038
020 ## - INTERNATIONAL STANDARD BOOK NUMBER
International Standard Book Number 9780170102742
040 ## - CATALOGING SOURCE
Original cataloging agency DLC
Transcribing agency DLC
Modifying agency DLC
050 00 - LIBRARY OF CONGRESS CALL NUMBER
Classification number HD30.28.H36 2002
082 00 - DEWEY DECIMAL CLASSIFICATION NUMBER
Classification number 658.4/012
Edition number 19
100 1# - MAIN ENTRY--PERSONAL NAME
Personal name Hanson,Dallas
245 10 - TITLE STATEMENT
Title Strategic management:competitiveness and globalisation /
Statement of responsibility, etc Dallas Hanson...[et al]
250 ## - EDITION STATEMENT
Edition statement Pacific rim edition
260 ## - PUBLICATION, DISTRIBUTION, ETC. (IMPRINT)
Place of publication, distribution, etc Australia :
Name of publisher, distributor, etc Thomson,
Date of publication, distribution, etc c2002.
300 ## - PHYSICAL DESCRIPTION
Extent various pagings . :
Other physical details ill. ;
Dimensions 24 cm.
504 ## - BIBLIOGRAPHY, ETC. NOTE
Bibliography, etc Includes bibliographical references and index.
650 #0 - SUBJECT ADDED ENTRY--TOPICAL TERM
Topical term or geographic name as entry element Business planning.
650 #0 - SUBJECT ADDED ENTRY--TOPICAL TERM
Topical term or geographic name as entry element Management.
700 ## - ADDED ENTRY--PERSONAL NAME
Personal name Dowling,Peter
700 ## - ADDED ENTRY--PERSONAL NAME
Personal name Hitt,Michael
700 ## - ADDED ENTRY--PERSONAL NAME
Personal name Ireland,R.Duane
700 ## - ADDED ENTRY--PERSONAL NAME
Personal name Hoskissen,Robert
906 ## - LOCAL DATA ELEMENT F, LDF (RLIN)
a 7
b cbc
c orignew
d 2
e opcn
f 19
g y-gencatlg
942 ## - ADDED ENTRY ELEMENTS (KOHA)
Source of classification or shelving scheme
Koha item type Book
Holdings
Withdrawn status Lost status Source of classification or shelving scheme Damaged status Not for loan Home library Current library Shelving location Date acquired Total Checkouts Full call number Barcode Date last seen Copy number Price effective from Koha item type
          Riara University Library Riara University Library General stack 08/12/2016   HD30.28.H36 2002 8509/16 08/12/2016 C.1 08/12/2016 Book

Riara University Library,
P.O. Box 49940-00100,
Nairobi, Kenya.